In adversis et prosperis Pamätná strieborná minca k 250. výročiu narodenia Mórica Beňovského

Ďalšia pamätná strieborná minca z emisie NBS na rok 1996, v hodnote 200 Sk, vydaná pri príležitosti 250. výročia narodenia Mórica Beňovského.

Na minha lista:
Detalhes bibliográficos
Autor principal: Flaché, Dagmar
Formato: Capítulo de Livro
Idioma:eslovaco
Assuntos:
Tags: Adicionar Tag
Sem tags, seja o primeiro a adicionar uma tag!

MARC

LEADER 00000naa a2200000 4500
001 r021807
005 20221205114640.6
041 0 |a slo 
044 |a SK 
245 1 0 |a In adversis et prosperis  |b Pamätná strieborná minca k 250. výročiu narodenia Mórica Beňovského  |c Dagmar Flaché 
520 |a Ďalšia pamätná strieborná minca z emisie NBS na rok 1996, v hodnote 200 Sk, vydaná pri príležitosti 250. výročia narodenia Mórica Beňovského. 
610 2 0 |a mince 
610 2 0 |a emisia 
610 2 0 |a NBS Bratislava 
610 2 0 |a Slovensko 
610 2 0 |a 1996 
610 2 0 |a Beňovský, M. 
100 1 |a Flaché, Dagmar